[Event "CAN-ch U10 Girls"]
[Site "Sault Ste Marie"]
[Date "2017.07.10"]
[Round "7"]
[White "Chi, Sarah"]
[Black "Tao, Kaitlyn"]
[Result "1-0"]
[WhiteElo "691"]
[BlackElo "778"]
[PlyCount "77"]
[EventDate "2017.07.06"]
[EventType "swiss"]
[EventRounds "7"]
[EventCountry "CAN"]
[SourceTitle "EXT 2022"]
[Source "ChessBase"]
[SourceDate "2021.10.06"]
[SourceVersion "1"]
[SourceVersionDate "2021.10.06"]
[SourceQuality "1"]

1. e4 c5 2. Nf3 Nc6 3. Nc3 e5 4. Bc4 Nf6 5. Ng5 Qb6 6. Nxf7 Rg8 7. d3 Be7 8. Nd6+ Bxd6 9. Bxg8 Nxg8 10. Nd5 Qa5+ 11. Bd2 Qb5 12. Qh5+ g6 13. Qxh7 Nce7 14. Bg5 Qc6 15. Bxe7 Nxe7 16. Qh8+ Kf7 17. 0-0-0 Nxd5 18. exd5 Qa6 19. h4 Qxa2 20. h5 gxh5 21. Rxh5 e4 22. Qh7+ Ke8 23. Qh8+ Kf7 24. Rh7+ Kg6 25. Qg8+ Kf6 26. Rf7+ Ke5 27. d4+ cxd4 28. Qe8+ Kxd5 29. Rf5+ Kc6 30. Qxe4+ Kc7 31. Rxd4 Qa1+ 32. Kd2 Kb8 33. Rxd6 a5 34. Rb5 a4 35. Rxd7 Ra7 36. Qe5+ Ka8 37. Qc7 Bxd7 38. Qd8+ Bc8 39. Qxc8# 1-0

[Event "CAN-ch U10 Girls"]
[Site "Sault Ste Marie"]
[Date "2017.07.06"]
[Round "2"]
[White "Tao, Kaitlyn"]
[Black "Boucher, Anne Marie"]
[Result "1-0"]
[WhiteElo "778"]
[BlackElo "817"]
[PlyCount "45"]
[EventDate "2017.07.06"]
[EventType "swiss"]
[EventRounds "7"]
[EventCountry "CAN"]
[SourceTitle "EXT 2022"]
[Source "ChessBase"]
[SourceDate "2021.10.06"]
[SourceVersion "1"]
[SourceVersionDate "2021.10.06"]
[SourceQuality "1"]

1. e4 e5 2. Nf3 Nc6 3. Bc4 Nf6 4. d3 Be7 5. Bg5 h6 6. Bh4 0-0 7. 0-0 d5 8. exd5 Nxd5 9. Bxe7 Ncxe7 10. Nxe5 Nf4 11. Qf3 Qd4 12. Qe4 Qxb2 13. Qxf4 Qxa1 14. Bxf7+ Kh8 15. Nd2 Qc3 16. Ndf3 Nf5 17. Ng6+ Kh7 18. Nxf8+ Kh8 19. Qg4 Ne3 20. Qg6 Bf5 21. Qh5 Rxf8 22. fxe3 g6 23. Qxh6# 1-0

[Event "Windsor NAYCC U10 Girls"]
[Site "Windsor"]
[Date "2016.08.10"]
[Round "7.160"]
[White "Yeung, Sydney"]
[Black "Tao, Kaitlyn"]
[Result "0-1"]
[WhiteElo "742"]
[BlackElo "626"]
[PlyCount "90"]
[EventDate "2016.08.07"]
[EventType "swiss"]
[EventRounds "9"]
[EventCountry "CAN"]
[SourceTitle "EXT 2022"]
[Source "ChessBase"]
[SourceDate "2021.10.06"]
[SourceVersion "1"]
[SourceVersionDate "2021.10.06"]
[SourceQuality "1"]

1. e4 e5 2. Nf3 Nc6 3. Bc4 Bc5 4. Nc3 Nf6 5. 0-0 0-0 6. d3 h6 7. Bd2 d6 8. Nd5 Bg4 9. h3 Bh5 10. Bc3 Nd4 11. g4 Nxg4 12. hxg4 Bxg4 13. Bxd4 Bxd4 14. c3 Bxf3 15. Qxf3 Qg5+ 16. Qg2 Qh4 17. cxd4 exd4 18. Qg3 Qxg3+ 19. fxg3 c6 20. Nb4 c5 21. Nc2 Rae8 22. b4 Re5 23. Rf5 Rxf5 24. exf5 cxb4 25. Nxd4 Re8 26. Re1 Rxe1+ 27. Kf2 b3 28. axb3 Re8 29. Nb5 d5 30. Bxd5 Re5 31. Bc4 Rxf5+ 32. Kg2 a6 33. Nc3 b5 34. Bd5 b4 35. Be4 bxc3 36. Bxf5 c2 37. d4 c1Q 38. d5 Qd2+ 39. Kh3 Qxd5 40. Bg4 Qxb3 41. Bd7 a5 42. Kh4 a4 43. Bxa4 Qxa4+ 44. g4 f5 45. Kh5 Qxg4# 0-1

[Event "Windsor NAYCC U10 Girls"]
[Site "Windsor"]
[Date "2016.08.09"]
[Round "5.159"]
[White "Kobla, Rithika"]
[Black "Tao, Kaitlyn"]
[Result "0-1"]
[WhiteElo "953"]
[BlackElo "626"]
[PlyCount "32"]
[EventDate "2016.08.07"]
[EventType "swiss"]
[EventRounds "9"]
[EventCountry "CAN"]
[SourceTitle "EXT 2022"]
[Source "ChessBase"]
[SourceDate "2021.10.06"]
[SourceVersion "1"]
[SourceVersionDate "2021.10.06"]
[SourceQuality "1"]

1. e4 e5 2. Nf3 Nc6 3. Bc4 Bc5 4. c3 Bxf2+ 5. Kxf2 Nf6 6. Ng5 0-0 7. Qb3 Nxe4+ 8. Nxe4 Na5 9. Qb4 Qh4+ 10. g3 Qxe4 11. Bxf7+ Rxf7+ 12. Kg1 Qf3 13. Qf4 exf4 14. g4 Re7 15. h3 Re1+ 16. Kh2 Qg3# 0-1

[Event "Windsor NAYCC U10 Girls"]
[Site "Windsor"]
[Date "2016.08.08"]
[Round "3.155"]
[White "Kancharla, Meghana"]
[Black "Tao, Kaitlyn"]
[Result "1-0"]
[WhiteElo "1346"]
[BlackElo "626"]
[PlyCount "39"]
[EventDate "2016.08.07"]
[EventType "swiss"]
[EventRounds "9"]
[EventCountry "CAN"]
[SourceTitle "EXT 2022"]
[Source "ChessBase"]
[SourceDate "2021.10.06"]
[SourceVersion "1"]
[SourceVersionDate "2021.10.06"]
[SourceQuality "1"]

1. e4 e5 2. Nf3 Nc6 3. Bc4 Bc5 4. d3 h6 5. 0-0 Nf6 6. Nc3 0-0 7. Bd2 d6 8. h3 Qe7 9. Qe2 Be6 10. Bb3 Bxb3 11. axb3 Rad8 12. Nh2 Nd4 13. Qd1 a6 14. Nf3 Nh5 15. Nxd4 Qh4 16. Nf5 Qf6 17. Qxh5 Rd7 18. Qg4 Ra8 19. Nd5 Qe6 20. Qxg7# 1-0

[Event "CAN-ch U10 Girls"]
[Site "Windsor"]
[Date "2016.07.08"]
[Round "7.112"]
[White "Pobereshnikova, Faina"]
[Black "Tao, Kaitlyn"]
[Result "1-0"]
[WhiteElo "745"]
[BlackElo "626"]
[PlyCount "43"]
[EventDate "2016.07.05"]
[EventType "swiss"]
[EventRounds "7"]
[EventCountry "CAN"]
[SourceTitle "EXT 2022"]
[Source "ChessBase"]
[SourceDate "2021.10.06"]
[SourceVersion "1"]
[SourceVersionDate "2021.10.06"]
[SourceQuality "1"]

1. e4 e5 2. Bc4 Nf6 3. d3 Bc5 4. Nf3 Nc6 5. Nc3 h6 6. 0-0 0-0 7. Nd5 a6 8. a4 Na5 9. b4 Nxc4 10. Nxf6+ Qxf6 11. bxc5 d6 12. dxc4 Qg6 13. Nh4 Qf6 14. g3 Bh3 15. Ng2 dxc5 16. Rb1 Qc6 17. Qh5 Be6 18. Qxe5 Bxc4 19. Rd1 Be2 20. Rd2 Rfe8 21. Bb2 Bg4 22. Qxg7# 1-0

[Event "CAN-ch U08 Girls"]
[Site "Windsor"]
[Date "2015.07.07"]
[Round "3.138"]
[White "Lin, Angela"]
[Black "Tao, Kaitlyn"]
[Result "1-0"]
[WhiteElo "844"]
[BlackElo "796"]
[PlyCount "69"]
[EventDate "2015.07.06"]
[EventType "swiss"]
[EventRounds "7"]
[EventCountry "CAN"]
[SourceTitle "EXT 2022"]
[Source "ChessBase"]
[SourceDate "2021.10.06"]
[SourceVersion "1"]
[SourceVersionDate "2021.10.06"]
[SourceQuality "1"]

1. c4 e5 2. g3 d6 3. Bg2 Nf6 4. Nc3 Be7 5. d3 0-0 6. Bg5 h6 7. Bxf6 Bxf6 8. e4 Bd7 9. Nf3 Nc6 10. 0-0 Qc8 11. Nd5 Qd8 12. Qb3 b6 13. a4 Nd4 14. Nxd4 exd4 15. a5 Rb8 16. axb6 cxb6 17. Rxa7 Re8 18. Ra6 Re5 19. Nxb6 Rh5 20. Qd1 g6 21. Nxd7 Qxd7 22. Qa4 Qxa4 23. Rxa4 Rxb2 24. Ra8+ Kg7 25. Rc8 Rd2 26. Rc6 Rxd3 27. Rxd6 Rc3 28. Rd5 Be5 29. f4 Bf6 30. Bf3 Rxd5 31. cxd5 d3 32. Rd1 Bd4+ 33. Kf1 Ra3 34. Kg2 Bc3 35. Rxd3 1-0

[Event "CAN-ch U08 Girls"]
[Site "Windsor"]
[Date "2015.07.07"]
[Round "2.139"]
[White "Tao, Kaitlyn"]
[Black "Boucher, Anne Marie"]
[Result "1-0"]
[WhiteElo "796"]
[BlackElo "794"]
[PlyCount "45"]
[EventDate "2015.07.06"]
[EventType "swiss"]
[EventRounds "7"]
[EventCountry "CAN"]
[SourceTitle "EXT 2022"]
[Source "ChessBase"]
[SourceDate "2021.10.06"]
[SourceVersion "1"]
[SourceVersionDate "2021.10.06"]
[SourceQuality "1"]

1. e4 e5 2. Nf3 f6 3. d3 Bb4+ 4. Nc3 d6 5. a3 Ba5 6. Be2 Bg4 7. 0-0 Nh6 8. d4 0-0 9. Bc4+ d5 10. exd5 exd4 11. Qxd4 f5 12. b4 Rf6 13. bxa5 Nf7 14. Ne5 Rh6 15. Bxh6 Nxh6 16. Nxg4 fxg4 17. Ne2 Na6 18. Ng3 Qd6 19. Nh5 Nf5 20. Qxg4 Rf8 21. Bd3 Qxd5 22. Bxf5 Rxf5 23. Qxg7# 1-0

[Event "CAN-ch U08 Girls"]
[Site "Windsor"]
[Date "2015.07.06"]
[Round "1.143"]
[White "Guo, Veronica"]
[Black "Tao, Kaitlyn"]
[Result "1/2-1/2"]
[WhiteElo "1020"]
[BlackElo "796"]
[PlyCount "42"]
[EventDate "2015.07.06"]
[EventType "swiss"]
[EventRounds "7"]
[EventCountry "CAN"]
[SourceTitle "EXT 2022"]
[Source "ChessBase"]
[SourceDate "2021.10.06"]
[SourceVersion "1"]
[SourceVersionDate "2021.10.06"]
[SourceQuality "1"]

1. e4 e5 2. Nf3 Nc6 3. Bc4 Bc5 4. c3 Na5 5. Bb5 Bd6 6. Ba4 Nf6 7. d3 0-0 8. 0-0 c6 9. Bc2 Bc7 10. Re1 d6 11. h3 b5 12. b4 Nb7 13. Be3 Qd7 14. Ng5 h6 15. Nf3 Nd8 16. Bb3 Re8 17. Nbd2 d5 18. Nf1 dxe4 19. dxe4 Qxd1 20. Raxd1 Nxe4 21. Bc5 Nxc5 1/2-1/2